You and your health

Bibliographic Details
Main Author: HUGHES, Dr.Martin
Format: Book
Published: London : Franklin Watts , 1992
Series:Finding out about
Subjects:

MARC

LEADER 00000cam a2200000 7i4500
001 0000002684
002 000002912
005 20000330.0
020 |a 074961096X 
090 0 0 |a 030   |b FIN 
100 1 |a HUGHES, Dr.Martin 
245 1 0 |a You and your health   |c Dr.Martin 
260 |a London :   |b Franklin Watts ,   |c 1992 
300 |a 48p. ;   |c 30cm. 
490 0 |a Finding out about 
650 0 0 |a Health   |x Juvenile literature 
999 |a 036157   |b BUKU   |c JUNIOR REFERENCE   |e PERPUSTAKAAN KOMUNITI PETALING JAYA